Better Call Saul Episodes! - Statistics

General Stats
  • This quiz has been taken 125 times
  • The average score is 30 of 63
Answer Stats
Answer % Correct
Uno
90%
Saul Gone
85%
Breaking Bad
83%
Chicanery
75%
Point and Shoot
73%
Plan and Execution
69%
Lantern
67%
Mijo
65%
Nacho
65%
Five-O
63%
Waterworks
63%
Nippy
62%
Bagman
60%
Rock and Hard Place
58%
Winner
58%
JMM
54%
Marco
54%
Pimento
54%
Wexler v. Goodman
54%
Alpine Shepherd Boy
52%
Fun and Games
52%
50% Off
50%
Slip
50%
Something Stupid
50%
Something Unforgivable
50%
Black and Blue
48%
RICO
48%
Wine and Roses
48%
Fifi
46%
Magic Man
46%
Nailed
46%
Rebecca
46%
Something Beautiful
46%
Bali Ha'i
44%
Smoke
44%
Axe and Grind
42%
Wiedersehen
42%
Bad Choice Road
40%
Carrot and Stick
40%
Fall
40%
Piñata
40%
Switch
40%
Bingo
38%
Breathe
38%
Coushatta
38%
Gloves Off
38%
Hero
38%
Hit and Run
38%
Klick
38%
Amarillo
37%
Mabel
37%
Cobbler
35%
Inflatable
35%
Namaste
35%
Dedicado a Max
33%
Sabrosito
33%
Talk
33%
The Guy For This
33%
Witness
31%
Off Brand
29%
Sunk Costs
27%
Quite A Ride
25%
Expenses
21%
No matching quizzes found
Score Distribution
Percent of People with Each Score
Percentile by Number Answered
Your Score History
You have not taken this quiz